[Event "22nd GP Open A"]
[Site "Le Touquet FRA"]
[Date "2007.10.27"]
[Round "1"]
[White "Daces,P"]
[Black "Ikonnikov,Vy"]
[Result "0-1"]
[WhiteElo "2048"]
[BlackElo "2555"]

1.d4 Nf6 2.c4 e6 3.Nc3 Bb4 4.Nf3 d6 5.Qc2 c5 6.dxc5 dxc5 7.a3 Bxc3+ 8.Qxc3 Nc6
9.e3 O-O 10.Be2 Qe7 11.O-O e5 12.b3 Bg4 13.Re1 e4 14.Nh4 Bxe2 15.Rxe2 Qe6
16.g3 Ne5 17.Kg2 Nf3 18.h3 Ng5 19.g4 Nxg4 20.Bb2 f6 21.Rh1 Ne5  0-1

[Event "7th Rohde Open"]
[Site "Sautron FRA"]
[Date "2007.10.27"]
[Round "1"]
[White "Duhayon,Y"]
[Black "Kosten,A"]
[Result "0-1"]
[WhiteElo "2229"]
[BlackElo "2519"]

1.d4 Nf6 2.c4 e6 3.Nc3 Bb4 4.Nf3 Ne4 5.Qc2 f5 6.g3 O-O 7.Bg2 d6 8.O-O Bxc3
9.bxc3 Nc6 10.Nd2 Nxd2 11.Bxd2 Qe8 12.e4 e5 13.c5 f4 14.cxd6 f3 15.Bh1 cxd6
16.Qd3 Bg4 17.Rfe1 Qh5 18.Re3 Rf6 19.h3 Qxh3 20.Bxf3 Rh6 21.Bg2 Qh2+ 22.Kf1 Rf8
23.Be1 Rhf6 24.Qd2 exd4 25.cxd4 Bh3 26.Bxh3 Qxh3+ 27.Ke2 Qh5+ 28.Kf1 Qh2
29.f4 Rxf4+ 30.gxf4 Rxf4+ 31.Bf2 Qh1+ 32.Ke2 Qxa1 33.d5 Nd4+ 34.Kd3 Nf3 35.Qc2 Qf1+
36.Kc3 Ne5 37.Bg3 Qc4+ 38.Kd2 Rf8 39.Rc3 Qf1  0-1

[Event "2nd MAIG Team Standard"]
[Site "Macau CHN"]
[Date "2007.10.29"]
[Round "3"]
[White "Gundavaa,B"]
[Black "Ayyad,H"]
[Result "1-0"]
[WhiteElo "2274"]
[BlackElo "2050"]

1.d4 Nf6 2.c4 e6 3.Nc3 Bb4 4.Nf3 O-O 5.Bg5 c5 6.d5 exd5 7.cxd5 Bxc3+ 8.bxc3 d6
9.e3 Nbd7 10.c4 Ne5 11.Be2 h6 12.Bh4 Ng6 13.Bg3 Ne4 14.O-O Bg4 15.Qc2 Qe7
16.Bd3 Nxg3 17.hxg3 Ne5 18.Nxe5 Qxe5 19.Rab1 b6 20.a4 Rab8 21.Rb2 Rb7 22.Rfb1 Rfb8
23.Re1 Bd7 24.f4 Qe8 25.Ra2 a6 26.e4 b5 27.axb5 axb5 28.e5 b4 29.Qe2 Qe7
30.Ra6 Rb6 31.Rxb6 Rxb6 32.e6 fxe6 33.Qe4 Qf6 34.dxe6 Be8 35.Qh7+ Kf8 36.e7+ Kf7
37.Qh8 Qd4+ 38.Kh2 Qxd3 39.Qf8+ Kg6 40.Qxe8+  1-0

[Event "7th Rohde Open"]
[Site "Sautron FRA"]
[Date "2007.10.31"]
[Round "6"]
[White "Pruess,D"]
[Black "Friedel,J"]
[Result "1-0"]
[WhiteElo "2417"]
[BlackElo "2477"]

1.d4 Nf6 2.c4 e6 3.Nc3 Bb4 4.Nf3 b6 5.Bg5 Bb7 6.e3 h6 7.Bh4 g5 8.Bg3 Ne4
9.Qc2 d6 10.Bd3 Bxc3+ 11.bxc3 f5 12.d5 Nd7 13.Nd4 Ndc5 14.dxe6 O-O 15.f3 Nxd3+
16.Qxd3 Nc5 17.Qd2 Qf6 18.h4 g4 19.h5 Nxe6 20.fxg4 f4 21.O-O f3 22.Nxf3 Qg7
23.Nh2 Nc5 24.Rxf8+ Rxf8 25.Rf1 Rxf1+ 26.Kxf1 Ne4 27.Qe1 Qf7+ 28.Kg1 Qxc4
29.Bf4 Qxa2 30.Bxh6 Nxc3 31.Nf3 Ne2+ 32.Kh2 Kh7 33.Qh4 Bxf3 34.Qf6 Qg8 35.gxf3 Nc3
36.Bf8  1-0

[Event "22nd GP Open A"]
[Site "Le Touquet FRA"]
[Date "2007.11.01"]
[Round "8"]
[White "Battaglini,G"]
[Black "Handke,F"]
[Result "1/2-1/2"]
[WhiteElo "2295"]
[BlackElo "2497"]

1.d4 Nf6 2.c4 e6 3.Nc3 Bb4 4.Nf3 b6 5.Bg5 Bb7 6.e3 h6 7.Bh4 Bxc3+ 8.bxc3 d6
9.Bd3 Nbd7 10.O-O Qe7 11.Nd2 g5 12.Bg3 h5 13.f3 O-O-O 14.a4 a5 15.Nb3 h4
16.Be1 g4 17.f4 Ne4 18.Nd2 Nxd2 19.Bxd2 f5 20.e4 g3 21.h3 Bxe4 22.Bxe4 fxe4
23.Qe2 Nf6 24.Rab1 Rh5 25.Be3 Kb7 26.Rb2 Rf5 27.Rfb1 Ra8 28.c5 dxc5 29.dxc5 Nd5
30.cxb6 c6 31.Bd4 Rxf4 32.Qh5 Rf5 33.Qh6 Raf8 34.Re2 e5 35.c4 Qf7 36.Ree1 Nf4
37.Bc5 Ne2+ 38.Kh1 Rf1+ 39.Rxf1 Qxf1+ 40.Bg1 Qf6 41.Qd2 Nd4 42.Qxa5 Ra8 43.Qe1 Rxa4
44.Bxd4 exd4 45.Qxe4 Qg7 46.Qxh4 Rxc4 47.Qd8 Ra4 48.Re1 Qe5 49.Qd7+ Kxb6
50.Qd8+ Ka7 51.Qd7+ Kb6 52.Rb1+ Kc5 53.Rc1+ Rc4 54.Qa7+ Kd6 55.Qa3+ Kd7 56.Qa7+ Kd6
57.Qb8+ Kd7 58.Qb7+ Kd6 59.Rf1 Qg5 60.Qb8+ Kd5 61.Qb1 Kd6 62.Qb8+ Kd5 63.Qb1 Kd6
64.Qb8+  1/2-1/2

[Event "ETCC w"]
[Site "Crete GRE"]
[Date "2007.11.04"]
[Round "7"]
[White "Javakhishvili,L"]
[Black "Kosintseva,T"]
[Result "1/2-1/2"]
[WhiteElo "2474"]
[BlackElo "2492"]

1.d4 Nf6 2.c4 e6 3.Nc3 Bb4 4.Nf3 c5 5.g3 cxd4 6.Nxd4 Ne4 7.Bd2 Nxd2 8.Qxd2 a6
9.Bg2 Qc7 10.Rc1 O-O 11.O-O Nc6 12.a3 Be7 13.b4 Nxd4 14.Qxd4 d6 15.Qf4 Bd7
16.Rfd1 Rac8 17.Qe3 b6 18.b5 axb5 19.Nxb5 Qb8 20.Rb1 Rc5 21.Nc3 Qc7 22.Nb5 Bxb5
23.cxb5 d5 24.a4 Ra8 25.Ra1 g6 26.Qb3 Rc3 27.Qb1 Qc4 28.e4 d4 29.Bf1 Qc5
30.a5 bxa5 31.b6 Rb8 32.b7 Qa7 33.Qb5 Qxb7 34.Rxa5 Qxb5 35.Rxb5 Rxb5 36.Bxb5 e5
37.h4 Kg7 38.Kf1 Rc2 39.Bd3 Ra2 40.Bc4 Rb2 41.Rd3 Rc2 42.Bb3 Rc1+ 43.Rd1 Rc3
44.Ba2 Bc5 45.Bb1 Kf6 46.Ke2 Ke6 47.Bd3 f5 48.Ra1 f4 49.Rd1 Bf8 50.Kf3 Bh6
51.g4 Bf8 52.h5 gxh5 53.gxh5 Kf6 54.Kg4 Rb3 55.Rd2 h6 56.Bc4 Rc3 57.Be2 Bc5
58.Bd3 Ba3 59.Bb5 Bc1 60.Ra2 Ba3  1/2-1/2

[Event "VIII Int Rapid"]
[Site "El Sauzal ESP"]
[Date "2007.11.04"]
[Round "8"]
[White "Mchedlishvili,M"]
[Black "Gonzalez Garcia,J2"]
[Result "1-0"]
[WhiteElo "2631"]
[BlackElo "2541"]

1.d4 Nf6 2.c4 e6 3.Nf3 Bb4+ 4.Nc3 c5 5.g3 cxd4 6.Nxd4 Ne4 7.Bd2 Bxc3 8.Bxc3 Qf6
9.f4 Nxc3 10.bxc3 O-O 11.Bg2 d5 12.cxd5 exd5 13.Bxd5 Nc6 14.e3 Re8 15.Kf2 Ne5
16.h3 Rd8 17.c4 Be6 18.Bxe6 fxe6 19.Qe2 Rac8 20.Rac1 Nd7 21.Nb3 e5 22.Rhd1 exf4
23.exf4 Re8 24.Qf3 Nc5 25.Qd5+ Kh8 26.Nxc5 Qb2+ 27.Kg1 Qb6 28.Rb1 Qxc5+ 29.Qxc5 Rxc5
30.Rxb7 Rxc4 31.Re7 Rb8  1-0

[Event "ch-ESP ko"]
[Site "Ayamonte ESP"]
[Date "2007.11.09"]
[Round "1.1"]
[White "Mascaro March,P"]
[Black "Lopez Martinez,Josep"]
[Result "1-0"]
[WhiteElo "2370"]
[BlackElo "2563"]

1.d4 Nf6 2.c4 e6 3.Nc3 Bb4 4.Nf3 c5 5.g3 O-O 6.Bg2 cxd4 7.Nxd4 d5 8.cxd5 Nxd5
9.Qb3 Na6 10.O-O Nxc3 11.bxc3 Be7 12.Ba3 e5 13.Bxb7 Bxb7 14.Qxb7 Bxa3 15.Qxa6 Bb2
16.Rab1 Bxc3 17.Nc6 Qf6 18.Rb3 Bd4 19.e3 Bb6 20.Rc1 Qe6 21.Qc4 Rfe8 22.a4 Qxc4
23.Rxc4 Re6 24.Rd3 a5 25.Rd7 Kf8 26.Rb7 Bd8 27.Kg2 g6 28.Rd7 Bb6 29.Rd5 Bc7
30.Rd7 Bb6 31.Kf3 Ke8 32.Rb7 Bd8 33.Ke4 Bf6 34.Kd5 Bg7 35.Kc5 Rf6 36.Rc2 Bf8+
37.Kb5 Rc8 38.Rb8 Rxb8+ 39.Nxb8 Bb4 40.Nc6 Be1 41.Nxa5 e4 42.Nc4 Kd8 43.g4 Kc7
44.Nd2+ Kb7 45.Nxe4 Rb6+ 46.Kc4 f5 47.Nc5+ Ka7 48.Nd3 Ba5 49.gxf5 gxf5 50.Kd5 Rh6
51.f3 Bb6 52.e4 fxe4 53.fxe4 Bg1 54.e5 Rh4 55.Ne1 Rd4+ 56.Kc6 Rxa4 57.Nf3 Bb6
58.e6  1-0

[Event "Chess Champions League"]
[Site "Vitoria Gasteiz ESP"]
[Date "2007.11.09"]
[Round "6"]
[White "Ponomariov,R"]
[Black "Polgar,Ju"]
[Result "1-0"]
[WhiteElo "2705"]
[BlackElo "2708"]

1.d4 Nf6 2.c4 e6 3.Nc3 Bb4 4.Nf3 O-O 5.Bg5 c5 6.Rc1 h6 7.Bh4 cxd4 8.Nxd4 b6
9.e3 Bb7 10.Nb5 Na6 11.Nd6 Bxd6 12.Qxd6 Rc8 13.f3 Rc6 14.Qd4 Qe7 15.Be2 g5
16.Bg3 d5 17.h4 Nh5 18.Bf2 Ng7 19.hxg5 hxg5 20.Qe5 f6 21.Qh2 dxc4 22.f4 g4
23.Bxg4 Rc5 24.e4 Kf7 25.Bxc5 Qxc5 26.Qh7 Ke7 27.Qxg7+ Rf7 28.Qg8 Nb4 29.Ke2 Nd3
30.Rcf1 Qb4 31.Rh8 Qxb2+ 32.Ke3 Kd6 33.e5+ fxe5 34.fxe5+ Nxe5 35.Qb8+ Rc7
36.Rd1+  1-0

[Event "ch-ESP ko"]
[Site "Ayamonte ESP"]
[Date "2007.11.11"]
[Round "2.1"]
[White "Illescas Cordoba,M"]
[Black "Moreno Ruiz,J"]
[Result "1-0"]
[WhiteElo "2598"]
[BlackElo "2466"]

1.d4 Nf6 2.Nf3 e6 3.c4 Bb4+ 4.Nc3 c5 5.g3 Ne4 6.Qd3 cxd4 7.Nxd4 Qa5 8.Nb3 Nxc3
9.Bd2 Ne4 10.Qxe4 Bxd2+ 11.Nxd2 O-O 12.Bg2 Nc6 13.Qd3 d5 14.cxd5 Rd8 15.O-O exd5
16.Rfd1 d4 17.Nb3 Qb6 18.Rac1 Be6 19.Nc5 Bd5 20.Bxd5 Rxd5 21.Qc4 Rd6 22.Qb3 Na5
23.Qxb6 axb6 24.Nd3 Nc6 25.a3 h6 26.Rc2 Kh7 27.Ne1 Re6 28.Rd3 b5 29.b4 Ne5
30.Rxd4 Rxa3 31.Kg2 Nc6 32.Rd7 Nxb4 33.Rb2 Na2 34.Rxf7 Nc3 35.e3 Rb6 36.Rd2 Ne4
37.Rdd7 Rg6 38.Rfe7 Nd6 39.h4 Nf5 40.Rf7 Nd6 41.Rf8 Re6 42.Nc2 Ra6 43.Nb4 Ra4
44.Nd5 Rc4 45.h5  1-0

[Event "TCh-HUN 2007-8"]
[Site "Budapest HUN"]
[Date "2007.11.11"]
[Round "2"]
[White "Gyimesi,Z"]
[Black "Medvegy,Z"]
[Result "1/2-1/2"]
[WhiteElo "2610"]
[BlackElo "2512"]

1.d4 Nf6 2.c4 e6 3.Nc3 Bb4 4.Nf3 b6 5.Qc2 O-O 6.e4 d5 7.e5 Ne4 8.Bd3 f5 9.exf6 Nxf6
10.O-O h6 11.cxd5 exd5 12.Ne5 Bd6 13.Re1 c5 14.dxc5 Bxe5 15.Rxe5 Nc6 16.Rxd5 Nxd5
17.Nxd5 Nd4 18.Qc4 Be6 19.Qxd4 Qxd5 20.Qxd5 Bxd5 21.Be3 bxc5 22.Bxc5 Rfc8
23.b4 a5 24.a3 axb4 25.Bxb4 Rc6 26.f3 Rac8 27.Kf2 Rc1 28.Rxc1 Rxc1 29.Ke3 Rg1
30.g4 Rh1 31.Bd6 Kf7 32.a4 Ke6 33.Bf8 Kf7 34.Bd6 Ke6 35.Bf8 Kf7  1/2-1/2

[Event "Tal Mem"]
[Site "Moscow RUS"]
[Date "2007.11.12"]
[Round "3"]
[White "Jakovenko,D"]
[Black "Carlsen,M"]
[Result "0-1"]
[WhiteElo "2710"]
[BlackElo "2714"]

1.d4 Nf6 2.c4 e6 3.Nc3 Bb4 4.Nf3 c5 5.g3 cxd4 6.Nxd4 O-O 7.Bg2 d5 8.cxd5 Nxd5
9.Qb3 Qa5 10.Bd2 Nc6 11.Nxc6 bxc6 12.O-O Bxc3 13.bxc3 Ba6 14.Rfd1 Qc5 15.e4 Bc4
16.Qa4 Nb6 17.Qb4 Qh5 18.Bf4 c5 19.Qb2 Rad8 20.Re1 Rd7 21.h3 h6 22.a4 Ba6
23.Qa2 Rfd8 24.a5 Nc4 25.Bf1 e5 26.g4 Qg6 27.Bxc4 exf4 28.Bd5 f3 29.c4 h5
30.Kh2 Qf6 31.Rg1 hxg4 32.Rab1 Bxc4 33.Qxc4 Qf4+ 34.Rg3 Rxd5 35.Qxd5 Rxd5
36.exd5 c4 37.Rd1 c3 38.d6 c2 39.Rd3 Qc4 40.Re3 Qc6 41.Rd3 Qc5  0-1

[Event "ch-ESP ko 3rd-4th"]
[Site "Ayamonte ESP"]
[Date "2007.11.16"]
[Round "4.4"]
[White "San Segundo Carrillo,P"]
[Black "Khamrakulov,I"]
[Result "0-1"]
[WhiteElo "2536"]
[BlackElo "2604"]

1.d4 Nf6 2.c4 e6 3.Nc3 Bb4 4.Nf3 O-O 5.Bg5 h6 6.Bh4 d5 7.cxd5 exd5 8.Qc2 Be6
9.e3 Nbd7 10.Be2 c5 11.O-O Rc8 12.Qb3 a5 13.a3 cxd4 14.exd4 Be7 15.Rac1 Qb6
16.Qb5 g5 17.Bg3 Qxb5 18.Nxb5 Ne4 19.Bc7 Bd8 20.h3 Bxc7 21.Nxc7 Nb6 22.b3 a4
23.b4 Nc4 24.Nxe6 fxe6 25.Bxc4 Rxc4 26.Rxc4 dxc4 27.Re1 Rf4 28.Re3 b5 29.Kf1 h5
30.Ke1 g4 31.hxg4 hxg4 32.g3 c3 33.Ne5 c2 34.Nd3 Rf3 35.Nc1 Rxe3+ 36.fxe3 Nxg3
37.Kd2 Nf5 38.Ne2 Kf7 39.e4 Nd6 40.Ng3 Nc4+ 41.Kxc2 Nxa3+ 42.Kc3 Nc4 43.Ne2 Kf6
44.Ng3 Kg5 45.Ne2 Kh4 46.e5 g3 47.d5 exd5 48.e6 g2 49.Kd4 Nd6 50.Kxd5 Ne8
51.Kd4 Kg4 52.Ng1 Kg3 53.Ke3 a3  0-1

[Event "WYb18"]
[Site "Kemer TUR"]
[Date "2007.11.22"]
[Round "5"]
[White "Kasyan,A"]
[Black "Shamsi,M"]
[Result "1-0"]
[WhiteElo "2318"]
[BlackElo "2120"]

1.d4 Nf6 2.c4 e6 3.Nc3 Bb4 4.Nf3 c5 5.e3 d5 6.Bd3 O-O 7.O-O dxc4 8.Bxc4 Nbd7
9.a3 cxd4 10.exd4 Be7 11.Qd3 a6 12.Ba2 b5 13.Bg5 Bb7 14.Rfe1 Rc8 15.Rad1 Qc7
16.d5 Nc5 17.Qe2 Rce8 18.dxe6 fxe6 19.Bxe6+ Kh8 20.Nd5 Qb8 21.Bf4 Qa7 22.Be3 Qb8
23.Bf4 Qa7 24.Nxe7 Rxe7 25.Ng5 Nxe6 26.Bd6 Nxg5 27.Qxe7 Rc8 28.Be5 Nge4 29.Rxe4  1-0

[Event "WYg18"]
[Site "Kemer TUR"]
[Date "2007.11.24"]
[Round "7"]
[White "Rakic,Ma"]
[Black "Darbinyan,N"]
[Result "1-0"]
[WhiteElo "2232"]
[BlackElo "2089"]

1.d4 Nf6 2.c4 e6 3.Nf3 Bb4+ 4.Nc3 c5 5.dxc5 O-O 6.Qc2 Na6 7.Bd2 Nxc5 8.e3 b6
9.Be2 Bb7 10.O-O Nce4 11.Nxe4 Bxe4 12.Bd3 Bxd3 13.Qxd3 Bxd2 14.Nxd2 d5 15.Rfd1 Qe7
16.e4 dxc4 17.Nxc4 Rfd8 18.Nd6 e5 19.Nf5 Qf8 20.Qf3 g6 21.Ne3 Qe7 22.g4 Rd4
23.Rxd4 exd4 24.e5 dxe3 25.Qxa8+ Ne8 26.f4 Kg7 27.Qe4 Qc5 28.Re1 Nc7 29.Qxe3 Qb4
30.Qe4 Qxb2 31.f5 Qxa2 32.e6 fxe6 33.Qe5+ Kh6 34.Qf4+  1-0

[Event "Open"]
[Site "Rijeka CRO"]
[Date "2007.11.25"]
[Round "1"]
[White "Chatalbashev,B"]
[Black "Franciskovic,V"]
[Result "1-0"]
[WhiteElo "2581"]
[BlackElo "2095"]

1.d4 Nf6 2.c4 e6 3.Nc3 Bb4 4.Nf3 Ne4 5.Qc2 f5 6.g3 O-O 7.Bg2 b6 8.O-O Bxc3
9.bxc3 Bb7 10.Bf4 Nc6 11.Rad1 d6 12.d5 Na5 13.Nd4 Nc5 14.Nxe6 Nxe6 15.dxe6 Bxg2
16.Kxg2 Qe7 17.c5 bxc5 18.Qa4 Nb7 19.e4 c4 20.exf5 Rxf5 21.Qc6 Rb8 22.Rb1 Rc5
23.Rxb7  1-0

[Event "World Cup"]
[Site "Khanty-Mansiysk RUS"]
[Date "2007.11.27"]
[Round "2.1"]
[White "Bacrot,E"]
[Black "Roiz,M"]
[Result "1-0"]
[WhiteElo "2695"]
[BlackElo "2644"]

1.d4 Nf6 2.c4 e6 3.Nc3 Bb4 4.Nf3 d6 5.Qc2 Nbd7 6.Bd2 d5 7.a3 Bxc3 8.Bxc3 Ne4
9.g3 c6 10.Bg2 b6 11.O-O Nxc3 12.Qxc3 Ba6 13.Nd2 O-O 14.Rfc1 Rc8 15.e3 Nf6
16.c5 Nd7 17.b4 Re8 18.e4 bxc5 19.dxc5 Qc7 20.Re1 Bb7 21.Nb3 e5 22.Na5 d4
23.Qc4 Nb8 24.Bf1 Rcd8 25.Qc2 Bc8 26.Nc4 Be6 27.Nd6 Re7 28.f4 f6 29.f5 Bf7
30.Red1 Kf8 31.Nxf7 Rxf7 32.Bc4 Rfd7 33.Qe2 g6 34.fxg6 hxg6 35.Qg4 Kg7 36.Be6 Rh8
37.Bf5 Rh6 38.Bxd7 Qxd7 39.Qxd7+ Nxd7 40.Rdc1 f5 41.b5 cxb5 42.Rab1 Rh8 43.Rxb5 Kf6
44.c6 Nb6 45.c7  1-0

[Event "Open"]
[Site "Rijeka CRO"]
[Date "2007.11.27"]
[Round "4"]
[White "Sulava,N"]
[Black "Susak,Z"]
[Result "1-0"]
[WhiteElo "2521"]
[BlackElo "2242"]

1.Nf3 Nf6 2.c4 e6 3.Nc3 Bb4 4.d4 b6 5.e3 Bb7 6.Bd3 Ne4 7.O-O Bxc3 8.bxc3 O-O
9.Ne1 f5 10.f3 Nf6 11.a4 d6 12.a5 Nbd7 13.Rf2 Qe7 14.Rfa2 Rab8 15.Nc2 Nh5
16.Na3 c6 17.Nc2 e5 18.Nb4 c5 19.axb6 axb6 20.Nd5 Qh4 21.g3 Qd8 22.Bd2 g6
23.Ra7 Nhf6 24.Qa4 e4 25.Be2 exf3 26.Bxf3 Ne4 27.Be1 Ndf6 28.Bg2 Nxd5 29.cxd5 Rf7
30.dxc5 dxc5 31.c4 Qg5 32.Qb3 Re7 33.Kh1 h5 34.Qxb6 Kh7 35.R1a3 Qg4 36.Qb1 Qe2
37.Qc1 Nd6 38.Rc3 Rbe8 39.Raa3 h4 40.Rc2 Qg4 41.h3 Qg5 42.gxh4 Qh6 43.Ra7 f4
44.e4 Qh5 45.Qxf4 Qd1 46.Qd2 Qh5 47.Qf4 Rf7 48.Qxd6 Qd1 49.Rb2 Qxe1+ 50.Kh2 Rfe7
51.Rb6 Rg7 52.Qg3 Qc1 53.e5 Qxc4 54.d6 Bxg2 55.Re7 Be4 56.Rxg7+ Kxg7 57.Qf2 Qc1  1-0

[Event "20th Belgrade Trophy"]
[Site "Belgrade SRB"]
[Date "2007.11.28"]
[Round "7"]
[White "Manolache,M"]
[Black "Perunovic,Mio"]
[Result "1/2-1/2"]
[WhiteElo "2513"]
[BlackElo "2407"]

1.d4 Nf6 2.c4 e6 3.Nc3 Bb4 4.Nf3 b6 5.e3 Bb7 6.Bd3 O-O 7.O-O d5 8.Qe2 dxc4
9.Bxc4 c5 10.Rd1 cxd4 11.exd4 Nbd7 12.Ne5 Bxc3 13.bxc3 Qc7 14.Bd3 Rac8 15.Ba3 Rfd8
16.c4 Nf8 17.Bb2 Ng6 18.Nxg6 hxg6 19.Qe3 Qc6 20.Bf1 Ba6 21.Rdc1 Qb7 22.a4 Rc7
23.a5 Rdc8 24.axb6 axb6 25.Ra4 b5 26.Rb4 Qa8 27.d5 bxc4 28.Bxf6 gxf6 29.dxe6 Qd5
30.exf7+ Qxf7 31.h4 Bb7 32.Rc3 Bd5 33.Qf4 Kg7 34.Rb6 Rc6 35.Rb5 Rc5 36.Rxc5 Rxc5
37.h5 g5 38.h6+ Kh7 39.Qf5+ Qg6 40.Qd7+ Qf7 41.Qd8 Be4 42.Qd4 Qe7 43.Bxc4 Kxh6
44.Ra3 Bg6 45.Re3 Re5 46.Rxe5 Qxe5 47.Qxe5 fxe5  1/2-1/2

[Event "Open"]
[Site "Rijeka CRO"]
[Date "2007.11.30"]
[Round "7"]
[White "Cebalo,M"]
[Black "Kovacevic,A"]
[Result "0-1"]
[WhiteElo "2550"]
[BlackElo "2554"]

1.d4 e6 2.c4 Nf6 3.Nc3 Bb4 4.Nf3 c5 5.g3 O-O 6.Bg2 Ne4 7.Qd3 d5 8.O-O Bxc3
9.bxc3 Nc6 10.Ne5 Qa5 11.Bb2 f6 12.Nxc6 bxc6 13.Bxe4 dxe4 14.Qxe4 Rb8 15.Bc1 cxd4
16.cxd4 Qa4 17.Bf4 Rb2 18.Rfc1 Re8 19.Rab1 Rxa2 20.Bd6 Qa6 21.Rb8 Ra4 22.Rc3 Kh8
23.h4 Rxc4 24.Ra3 Ra4 25.Rab3 e5 26.Bc5 Rg8 27.Ra8 Qa5 28.Rxa7 Qe1+ 29.Kg2 Rxa7
30.Bxa7 Be6 31.Qb1 Bd5+  0-1

[Event "World Cup"]
[Site "Khanty-Mansiysk RUS"]
[Date "2007.12.06"]
[Round "5.1"]
[White "Ponomariov,R"]
[Black "Kamsky,G"]
[Result "1/2-1/2"]
[WhiteElo "2705"]
[BlackElo "2714"]

1.d4 Nf6 2.c4 e6 3.Nc3 Bb4 4.Nf3 c5 5.g3 b6 6.Bg2 Bb7 7.O-O cxd4 8.Qxd4 O-O
9.Rd1 h6 10.b3 Nc6 11.Qd3 Qe7 12.Bb2 Ba3 13.Bxa3 Qxa3 14.Nb5 Qe7 15.Nd6 Rab8
16.a3 Ba8 17.b4 Rfd8 18.b5 Na5 19.Ne5 Bxg2 20.Kxg2 Rf8 21.Qf3 Qd8 22.Rd4 Qc7
23.Rad1 Nb7 24.Nxb7 Rxb7 25.Rd6 Qc8 26.R1d4 Rc7 27.Qd3 Rd8 28.f3 a6 29.a4 axb5
30.axb5 Rb7 31.g4 Qc5 32.Nxd7 Rbxd7 33.Rxd7 Rxd7 34.Rxd7 Nxd7 35.Qxd7 Qxc4
36.Kf2 Qc5+ 37.e3 Qc2+ 38.Kg3 Qc5 39.Kf2 Qc2+ 40.Kg3 Qc5 41.Kf2  1/2-1/2

[Event "Open"]
[Site "Ascona SUI"]
[Date "2007.12.07"]
[Round "8"]
[White "Chatalbashev,B"]
[Black "Belezky,A"]
[Result "1/2-1/2"]
[WhiteElo "2581"]
[BlackElo "2436"]

1.d4 Nf6 2.c4 e6 3.Nc3 Bb4 4.Nf3 b6 5.Bg5 h6 6.Bh4 Bb7 7.e3 g5 8.Bg3 Ne4
9.Qc2 Bxc3+ 10.bxc3 d6 11.Bd3 f5 12.d5 exd5 13.cxd5 Bxd5 14.Nd4 Qf6 15.f3 Nxg3
16.hxg3 Nd7 17.Bxf5 O-O-O 18.Kf2 Kb7 19.Be4 Qe5 20.Bxd5+ Qxd5 21.c4 Qe5 22.Qa4 Nb8
23.Rab1 h5 24.f4 Rdf8 25.Qd1 Qe8 26.Qf3+ c6 27.f5 g4 28.Qf4 Qe5 29.Rbd1 Na6
30.Ke2 Nc5 31.Qxe5 dxe5 32.Ne6 Rxf5 33.Nxc5+ bxc5 34.Rd7+ Ka8 35.e4 Rf6 36.Rhd1 Rb8
37.R1d2 Rff8 38.Rh7  1/2-1/2

[Event "World Cup"]
[Site "Khanty-Mansiysk RUS"]
[Date "2007.12.07"]
[Round "5.2"]
[White "Cheparinov,I"]
[Black "Carlsen,M"]
[Result "1/2-1/2"]
[WhiteElo "2670"]
[BlackElo "2714"]

1.d4 Nf6 2.c4 e6 3.Nc3 Bb4 4.Nf3 c5 5.g3 cxd4 6.Nxd4 O-O 7.Bg2 d5 8.cxd5 Nxd5
9.Qb3 Qa5 10.Bd2 Nc6 11.Nxc6 bxc6 12.O-O Bxc3 13.bxc3 Ba6 14.Rfd1 Qc5 15.e4 Bc4
16.Qa4 Nb6 17.Qb4 Qh5 18.Bf4 c5 19.Qa5 e5 20.Be3 Be2 21.Re1 Nc4 22.Qa6 Nxe3
23.Rxe2 Nxg2 24.Kxg2 Rad8 25.Rae1 Rd7 26.Qb5 Rfd8 27.Qxc5 f6 28.Qc4+ Qf7
29.Qxf7+ Kxf7 30.Rb1 Rc8 31.Rc2 Rc4 32.Rb4 Rc5 33.Kf1 a5 34.Ra4 g5 35.Ke2 g4
36.Ra3 Rdc7 37.Rc1 h5 38.Kd3 Rd7+ 39.Ke3 Rdc7 40.Rb3 Rc4 41.Kd3 Ra4 42.Rc2 Rd7+
43.Ke3 Rc7 44.Rb5 Ke6 45.Rb6+ Kf7 46.Ra6 Kg6 47.Ra8 Kf7 48.Ra6 Kg6 49.Rd6 Kf7
50.Kd3 Ke7 51.Rd5 Ke6 52.Rd8 Kf7 53.c4 Ra3+ 54.Kd2 Ra4 55.Kd3 Ra3+ 56.Kd2 Ra4
57.c5 Rxe4 58.Kd3 Ra4 59.Rd6 Ke7 60.Ra6 Rd7+ 61.Kc3 Rdd4 62.Kb2 Rab4+ 63.Kc1 a4
64.Rc3 Rbc4 65.Kc2 Re4 66.Ra7+ Ke6 67.c6 Kd6 68.c7 Kd7 69.Rxc4 Rxc4+ 70.Kd3 Rd4+
71.Ke3 f5 72.Ra6 Kxc7 73.Rf6 Re4+ 74.Kd3 Rd4+ 75.Ke3 Re4+ 76.Kd3 Rd4+ 77.Kc3 f4
78.Rf5 Re4 79.Kd3 Rd4+ 80.Kc3  1/2-1/2

[Event "Parsvnath ch-Commonwealth"]
[Site "New Delhi IND"]
[Date "2007.12.10"]
[Round "10"]
[White "Gupta,Ab"]
[Black "Karthikeyan,P"]
[Result "1-0"]
[WhiteElo "2470"]
[BlackElo "2340"]

1.d4 Nf6 2.c4 e6 3.Nc3 Bb4 4.Nf3 b6 5.Bg5 Bb7 6.Nd2 Bxc3 7.bxc3 d6 8.f3 Nbd7
9.e4 e5 10.Bd3 Qe7 11.O-O h6 12.Be3 g5 13.a4 Nh5 14.a5 Nf4 15.Bc2 h5 16.Ba4 Kf8
17.g3 Ne6 18.c5 bxc5 19.d5 Nd8 20.Bxd7 Qxd7 21.a6 Bc8 22.Bxg5 Kg7 23.f4 f6
24.Bh4 Rh6 25.fxe5 dxe5 26.Rf5 Qe8 27.Rf2 Rb8 28.Nc4 Nf7 29.d6 Bg4 30.Qf1 Qe6
31.dxc7 Rc8 32.Ne3 Nd6 33.Qd3 c4 34.Qc2 Rxc7 35.Rb1 Ne8 36.Rb8 Rh8 37.Qa4 Rf8
38.Nd5 Rcf7 39.Rb7 f5 40.Be7 Rg8 41.Qxc4 Kh8 42.exf5 Rxf5 43.Rxf5 Qxf5 44.Qc6 Qg6
45.Bf6+  1-0

[Event "Warsaw-Buenos Aires-Kolkata Match"]
[Site "Warsaw POL"]
[Date "2007.12.11"]
[Round "1"]
[White "Socko,B"]
[Black "Sandipan,C"]
[Result "1/2-1/2"]
[WhiteElo "2646"]
[BlackElo "2593"]

1.d4 Nf6 2.c4 e6 3.Nc3 Bb4 4.Nf3 c5 5.g3 Nc6 6.Bg2 Ne4 7.Bd2 Bxc3 8.bxc3 O-O
9.O-O Na5 10.Qc2 Nxd2 11.Nxd2 d6 12.Rfd1 Qc7 13.Qd3 cxd4 14.cxd4 Bd7 15.Rdc1 Rac8
16.Rc3 Bb5 17.Rac1 Ba6 18.Qc2 b6 19.e3 Rfd8 20.h4 Qe7 21.Qa4 Bb7 22.Nb3 Nxb3
23.axb3 Bxg2 24.Kxg2 Qb7+  1/2-1/2

[Event "Warsaw-Buenos Aires-Kolkata Match"]
[Site "Warsaw POL"]
[Date "2007.12.13"]
[Round "3"]
[White "Socko,B"]
[Black "Olszewski,Mi"]
[Result "1/2-1/2"]
[WhiteElo "2646"]
[BlackElo "2424"]

1.d4 Nf6 2.c4 e6 3.Nc3 Bb4 4.Nf3 c5 5.g3 Nc6 6.Bg2 Ne4 7.Bd2 Bxc3 8.bxc3 Na5
9.Bf4 d5 10.cxd5 Nxc3 11.Qc1 cxd4 12.d6 Bd7 13.Nxd4 Rc8 14.Qd2 b5 15.a3 Na4
16.Qd3 Nc5 17.Qf3 Nc4 18.O-O O-O 19.Nb3 Bc6 20.Qc3 Bxg2 21.Kxg2 Nxb3 22.Qxb3 e5
23.Be3 Qxd6 24.Qxb5 Nxe3+ 25.fxe3 Rc5 26.Qb4 Qc6+ 27.Kf2 a5 28.Qb2 Qh6 29.h4 Qf6+
30.Kg2 Qc6+ 31.Kf2 Rc8 32.Rad1 h6 33.Rd3 Qe4 34.Qb3 a4 35.Qb4 Qxb4 36.axb4 Rb5
37.Rb1 Rcb8 38.Ra1 Ra8 39.Rb1 Rab8 40.Ra1 Rxb4 41.Rd5 Ra8 42.Rxe5 a3 43.Ra2 Ra6
44.Rd5 Rf6+  1/2-1/2

[Event "7th Amplico AIG Life"]
[Site "Warsaw POL"]
[Date "2007.12.15"]
[Round "1"]
[White "Socko,B"]
[Black "Marks,I"]
[Result "1-0"]
[WhiteElo "2646"]
[BlackElo "1901"]

1.d4 Nf6 2.c4 e6 3.Nc3 Bb4 4.Nf3 O-O 5.Bg5 d5 6.e3 h6 7.Bh4 c5 8.a3 Ba5 9.dxc5 Bxc3+
10.bxc3 Nbd7 11.cxd5 Nxc5 12.dxe6 Qxd1+ 13.Rxd1 Bxe6 14.Bxf6 gxf6 15.Nd4 Rfd8
16.Be2 Ne4 17.Rc1 Rac8 18.Bf3 Rxc3 19.Rxc3 Nxc3 20.Bxb7 Rb8 21.Kd2 Rxb7 22.Kxc3 Rc7+
23.Kd2 Kf8 24.Rb1 Ke7 25.Rb5 f5 26.Nxf5+ Bxf5 27.Rxf5 Rb7 28.Ra5 Rb2+ 29.Ke1 Rb7
30.Ke2 Rb2+ 31.Kf3 Rb7 32.g4  1-0

[Event "7th Amplico AIG Life"]
[Site "Warsaw POL"]
[Date "2007.12.15"]
[Round "3"]
[White "Socko,B"]
[Black "Adamski,J"]
[Result "1/2-1/2"]
[WhiteElo "2646"]
[BlackElo "2341"]

1.d4 Nf6 2.c4 e6 3.Nc3 Bb4 4.Nf3 c5 5.g3 Ne4 6.Qd3 Qa5 7.Qxe4 Bxc3+ 8.Bd2 Bxd2+
9.Nxd2 Nc6 10.d5 Nd4 11.Kd1 O-O 12.e3 Nf5 13.Bd3 g6 14.Qf4 d6 15.Bxf5 e5
16.Qh4 Bxf5 17.g4 Bd3 18.Qf6 b5 19.Qxd6 bxc4 20.Qxe5 Rad8 21.Kc1 Rfe8 22.Qc3 Qxc3+
23.bxc3 Rxd5 24.a4 Rb8 25.Ra2 Rd6 26.Rb2 Rxb2 27.Kxb2 Be2 28.Kc2 Bd3+ 29.Kb2 Be2
30.Kc2 Bd3+ 31.Kb2  1/2-1/2

[Event "7th Amplico AIG Life"]
[Site "Warsaw POL"]
[Date "2007.12.15"]
[Round "6"]
[White "Moiseenko,A1"]
[Black "Sulskis,S"]
[Result "1/2-1/2"]
[WhiteElo "2646"]
[BlackElo "2527"]

1.d4 Nf6 2.c4 e6 3.Nc3 Bb4 4.Nf3 c5 5.g3 Nc6 6.Bg2 Ne4 7.Bd2 Bxc3 8.bxc3 O-O
9.Be3 d5 10.dxc5 dxc4 11.Qa4 Nxc3 12.Qxc4 Nd5 13.Bg5 Ne5 14.Qc1 Nxf3+ 15.Bxf3 f6
16.Bd2 Bd7 17.O-O Bc6 18.Rd1 Qe8 19.e4 Ne7 20.Be3 f5 21.Qc4 Ng6 22.Bg2 f4
23.Bd4 Kh8 24.Rd2 Rd8 25.Rad1 e5 26.Bc3 Rxd2 27.Rxd2 Qc8 28.h3 a6 29.Kh2 Bb5
30.Qd5 f3 31.Bh1 Bc6 32.Qd3 Bb5 33.Qd6 Bf1 34.g4 Be2 35.Bxe5 Nxe5 36.Qxe5 Re8
37.Qd6 Rxe4 38.Kg3 h5 39.Qd8+ Re8 40.Qxc8 Rxc8 41.Rd5 hxg4 42.hxg4 Rf8 43.Rf5 Rd8
44.Bxf3 Rd3 45.Kg2 Bxf3+ 46.Rxf3 Rd4 47.Kg3 Ra4 48.Rb3 Rc4 49.Rxb7 Rxc5 50.Rb3 Ra5
51.a3 g5 52.f3 Kg7 53.Kf2 Kf6 54.Re3 Ra4 55.Ke2 Kf7 56.Kd2 Kf6 57.Kc2 Rf4
58.Kb3 a5 59.Kc3 Kf7 60.Kd3 Kf6 61.Ke2 Ra4 62.Rb3 Ke5 63.Ke3 Kf6 64.Kf2 Kf7
65.Ke2 Kf6 66.Kd2 Ke5 67.Ke3 Kf6 68.Kf2 Kf7 69.Re3 Kf6 70.Ke1 Kf7 71.Kd1 Kf6
72.Kc2 Rf4 73.Kb3 Kf7 74.Kb2 Kf6 75.Rc3 Kf7 76.Rc5 Rxf3 77.Rxg5 a4 78.Ra5 Rf2+
79.Kc1 Rf4 80.g5 Kg6 81.Kb2 Rg4 82.Kc3 Rxg5 83.Rxa4 Rg3+ 84.Kb4 Kf6 85.Ra7 Ke6
86.Rc7 Kd6 87.Rc2 Rg8 88.a4 Rb8+ 89.Ka3 Kd7 90.a5 Rc8 91.Rb2 Kc7 92.Rc2+ Kb8
93.Rh2 Rc4 94.Rh7 Ka8 95.Kb3 Rg4  1/2-1/2